Представление документа в формате RUSMARC

ПолеНазваниеЗначение
  Тип записи a
  Библиографический уровень a
001 Контрольный номер RU/CBS_UL/BASE/555608251
005 Дата корректировки 20250124011039.0
100 Данные общей обработки __
a Данные общей обработки 20170809d2017 ||| 0rusy0189 ca
101 Язык документа 0_
a Язык текста rus
102 Страна публикации __
a Страна публикации RU
105 Кодированные данные (монография) __
a Кодированные данные (монография) y###||||000|y
200 Заглавие и сведения об ответственности 1_
a Заглавие Земля до начала времён : археолог Юрий Семыкин рассказал "Народной газете" о тайнах, скрытых под толщей Ульяновской земли
f Первые сведения об ответственности А. Творогов
300 Общие примечания __
a Общие примечания Ограничения по возрасту - 16+
461 Уровень набора _0
1 2000
a Народная газета
463 Уровень физической единицы _0
1 001RU/CBS_UL/BASE/555607054
1 2000
a № 32 (9 авг.)
v С. 22
1 210
d 2017
606 Тематические рубрики 0_
a Основная рубрика Археология - Ульяновская область
y Географическая подрубрика Кремёнки, село (Старомайнский район ; Ульяновская область)
606 Тематические рубрики 0_
y Географическая подрубрика Ундоры, село (Ульяновский район ; Ульяновская область)
606 Тематические рубрики 0_
y Географическая подрубрика Архангельское, село (Чердаклинский район ; Ульяновская область)
606 Тематические рубрики 0_
y Географическая подрубрика Архангельское Куроедово, село (Вешкаймский район ; Ульяновская область)
606 Тематические рубрики 0_
y Географическая подрубрика Лесное Никольское, село (Старомайнский район ; Ульяновская область)
608 Указатель предметных рубрик __
a Жанр/форма Жанр
610 Ключевые слова 0_
a Ключевые слова археология
610 Ключевые слова 0_
a Ключевые слова археологические исследования
610 Ключевые слова 0_
a Ключевые слова археологические находки
610 Ключевые слова 0_
a Ключевые слова археологические памятники
610 Ключевые слова 0_
a Ключевые слова Именьковская культура
610 Ключевые слова 0_
a Ключевые слова поселения
610 Ключевые слова 0_
a Ключевые слова неолитические поселения
610 Ключевые слова 0_
a Ключевые слова городища
610 Ключевые слова 0_
a Ключевые слова металлургия
610 Ключевые слова 0_
a Ключевые слова история металлургии
610 Ключевые слова 0_
a Ключевые слова урочища
610 Ключевые слова 0_
a Ключевые слова язычество
610 Ключевые слова 0_
a Ключевые слова поселения
610 Ключевые слова 0_
a Ключевые слова мордовские поселения
686 Индексы других классификаций __
a Классификационный индекс 63.4(2)
2 Код системы ББК
700 Автор _1
a Фамилия Творогов
b Имя (инициалы) А.
801 Источник записи _0
a Страна RU
b Организация МБУК ЦБС г. Ульяновска
c Дата составления 20170809
g Правила каталогизации RCR
801 Источник записи _1
a Страна RU
b Организация МБУК ЦБС г. Ульяновска
c Дата составления 20170809
g Правила каталогизации RCR
900 Электронные ресурсы __
a Имя электронного ресурса Земля до начала
901 Тип документа __
t Тип документа f
w Контрольный № источника RU/CBS_UL/BASE/555607054
910 Корректоры записи __
a Корректор записи Нецеевский
938 Служебная информация __
a Имя БД kraeved